[Event "SPECIFY 9"]
[Site "SchemingMind.com"]
[Date "2014.07.29"]
[Round "-"]
[White "Steven DuCharme"]
[Black "Scooter"]
[Result "1/2-1/2"]
[WhiteCountry "USA"]
[BlackCountry "USA"]
[WhiteElo "1636"]
[WhiteRD "62"]
[BlackElo "1759"]
[BlackRD "45"]
[GameID "362205"]

1. Nf3 Nf6 2. b3 g6 3. Bb2 Bg7 4. g3 O-O 5. Bg2 e6 6. O-O d5 7. d3 Nbd7 8. Nbd2 b6 9. e4 dxe4 10. Nxe4 Bb7
11. Nxf6+ Bxf6 12. Bxf6 Qxf6 13. Ne1 Bxg2 14. Kxg2 Ne5 15. f4 Ng4 16. Rf3 Rfd8 17. h3 Nh6 18. Rb1 Nf5 19. Qd2 Nd4 20. Re3 c5
21. Nf3 Nxf3 22. Kxf3 Rd7 23. a4 Rad8 24. c3 Qf5 25. Rd1 Rd5 26. g4 Qf6 27. h4 h6 28. Kg3 g5 29. hxg5 hxg5 30. fxg5 Qxg5
31. Qe2 a6 32. Rh1 Qg6 33. d4 cxd4 34. cxd4 Rxd4 35. Rc1 Rd3 36. Rc3 Rxc3 37. Rxc3 Qg7 38. Rd3 Rxd3+ 39. Qxd3= Qe5+ 40. Kf3 Qd5+
41. Qxd5 exd5 42. Ke3 Kg7 43. Kd4 Kg6 44. Kxd5 Kg5 45. Ke5= f6+ 46. Ke6 Kg6 47. Kd6=
1/2-1/2

[Event "SPECIFY 9"]
[Site "SchemingMind.com"]
[Date "2014.07.29"]
[Round "-"]
[White "Scooter"]
[Black "Steven DuCharme"]
[Result "1-0"]
[WhiteCountry "USA"]
[BlackCountry "USA"]
[WhiteElo "1759"]
[WhiteRD "45"]
[BlackElo "1636"]
[BlackRD "62"]
[GameID "362206"]

1. d4 Nf6 2. Nf3 b6 3. Bf4 Bb7 4. Nbd2 h6 5. e3 g5 6. Be5 Bg7 7. Be2 d6 8. Bxf6 Bxf6 9. O-O g4 10. Ne1 h5
11. g3 Nd7 12. Ng2 Bxg2 13. Kxg2 e5 14. c3 Nf8 15. Ne4 Ng6 16. Bb5+ Kf8 17. f3 Be7 18. fxg4 hxg4 19. Qxg4 Kg7 20. Qf5 Rf8
21. Rad1 a6 22. Bc6 Rb8 23. Bd5 Nh8 24. Qg4+ Ng6 25. Rf5
1-0

[Event "SPECIFY 9"]
[Site "SchemingMind.com"]
[Date "2014.08.02"]
[Round "-"]
[White "alexyongpohweng"]
[Black "Scooter"]
[Result "0-1"]
[WhiteCountry "MAS"]
[BlackCountry "USA"]
[WhiteElo "1102"]
[WhiteRD "55"]
[BlackElo "1752"]
[BlackRD "44"]
[GameID "362418"]

1. e4 c6 2. d4 d5 3. e5 Bf5 4. Nc3 e6 5. Nf3 Nd7 6. Be2 c5 7. O-O cxd4 8. Nb1 Bc5 9. c3 dxc3 10. Nxc3 Qc7
11. h3 Nxe5 12. Nxe5 Qxe5 13. g3 Bxh3 14. Re1 Qxg3+
0-1

[Event "SPECIFY 9"]
[Site "SchemingMind.com"]
[Date "2014.08.02"]
[Round "-"]
[White "Scooter"]
[Black "alexyongpohweng"]
[Result "1-0"]
[WhiteCountry "USA"]
[BlackCountry "MAS"]
[WhiteElo "1752"]
[WhiteRD "44"]
[BlackElo "1102"]
[BlackRD "55"]
[GameID "362419"]

1. d4 d5 2. Nf3 Nf6 3. Bf4 g6 4. e3 Bg7 5. Be2 O-O 6. O-O Bg4 7. Nbd2 Bxf3 8. Nxf3 Nc6 9. a3 e6 10. c4 dxc4
11. Bxc4 Rb8 12. Rc1 a6 13. Bxa6 bxa6 14. Rxc6 Rxb2 15. Bxc7
1-0

[Event "SPECIFY 9"]
[Site "SchemingMind.com"]
[Date "2014.08.02"]
[Round "-"]
[White "Steven DuCharme"]
[Black "Chessibelle"]
[Result "1-0"]
[WhiteCountry "USA"]
[BlackCountry "ENG"]
[WhiteElo "1636"]
[WhiteRD "62"]
[BlackElo "1244"]
[BlackRD "60"]
[GameID "362492"]

1. e4 e5 2. f4 Nc6 3. Nf3 d6 4. h3 Nf6 5. d3 Be7 6. Be2 O-O 7. O-O d5 8. fxe5 Nh5 9. Qe1 g6 10. g4 Ng7
11. exd5 Qxd5 12. c4 Bc5+ 13. Kh2 Qd8 14. Nc3 Qd7 15. Ne4 Bb4 16. Qf2 Qe6 17. a3 Be7 18. b3 b6 19. Bb2 f5 20. Neg5 Qd7
21. e6 Bd6+ 22. Kg2 Qe7 23. d4 Nd8 24. d5 c6 25. Bd4 c5 26. Bb2 h6 27. Nf7 Nxf7 28. exf7+ Qxf7 29. g5 h5 30. b4 f4
31. Nh4 Qd7 32. Qf3 Qa4 33. Qc3 Qd7 34. Nxg6 Rf7 35. Bxh5 Qe8 36. Rae1 Qd7 37. Re6 Kh7 38. Ne5 Qd8 39. Nxf7 Qf8 40. Rh6+
1-0

[Event "SPECIFY 9"]
[Site "SchemingMind.com"]
[Date "2014.08.03"]
[Round "-"]
[White "Chessibelle"]
[Black "Steven DuCharme"]
[Result "0-1"]
[WhiteCountry "ENG"]
[BlackCountry "USA"]
[WhiteElo "1244"]
[WhiteRD "60"]
[BlackElo "1636"]
[BlackRD "62"]
[GameID "362493"]

1. Nf3 d5 2. d4 Nf6 3. e3 c6 4. Nc3 Nbd7 5. Bd2 Qc7 6. g3 e5 7. Bd3 e4 8. Be2 exf3 9. Bxf3 Bd6 10. a3 O-O
11. O-O Re8 12. Re1 Nf8 13. Na4 Bh3 14. Bc3 Ng6 15. b4 Ne4 16. Bb2 f5 17. Nc5 Ng5 18. Bh5 Qc8 19. Nd3 Re4 20. f3 Re6
21. g4 Rf6 22. c3 fxg4 23. fxg4 Nf3+ 24. Kf2 Nxe1+ 25. Kxe1 Rf1+ 26. Ke2 Rxd1 27. Rxd1 Bxg4+ 28. Bxg4 Qxg4+
0-1

[Event "SPECIFY 9"]
[Site "SchemingMind.com"]
[Date "2014.08.02"]
[Round "-"]
[White "Scooter"]
[Black "Chessibelle"]
[Result "1-0"]
[WhiteCountry "USA"]
[BlackCountry "ENG"]
[WhiteElo "1759"]
[WhiteRD "45"]
[BlackElo "1244"]
[BlackRD "60"]
[GameID "362496"]

1. d4 d5 2. Nf3 c6 3. Bf4 Nf6 4. e3 Ne4 5. Nbd2 e6 6. Bd3 Be7 7. Bxe4 dxe4 8. Nxe4 Nd7 9. O-O O-O 10. c4 b5
11. cxb5 cxb5 12. Bd6 Nb6 13. Bxe7 Qxe7 14. Nc5 Rd8 15. Ne5 Rd6 16. Qf3 f6 17. Nc6 Qc7 18. Nb4 Rb8 19. Rac1 a5 20. Nba6 Qa7
21. Nxb8 Qxb8 22. b3 b4 23. Qg3 Nd5 24. Ne4 Rd7 25. Rc5 Qa7 26. Rxc8+ Kf7 27. Nc5 Re7 28. Ne4 g6 29. Qh4 h5 30. Rfc1 Nc7
31. Qxf6#
1-0

[Event "SPECIFY 9"]
[Site "SchemingMind.com"]
[Date "2014.08.02"]
[Round "-"]
[White "Chessibelle"]
[Black "Scooter"]
[Result "0-1"]
[WhiteCountry "ENG"]
[BlackCountry "USA"]
[WhiteElo "1244"]
[WhiteRD "60"]
[BlackElo "1759"]
[BlackRD "45"]
[GameID "362497"]

1. Nf3 Nf6 2. d4 g6 3. e3 Bg7 4. Nc3 O-O 5. Bd3 d6 6. Bd2 Bg4 7. O-O Nbd7 8. g3 e5 9. Be2 exd4 10. exd4 Re8
11. a3 Ne4 12. Be3 Nxc3 13. bxc3 Nf6 14. Bg5 h6 15. Bf4 Nd5 16. Bd2 Qd7 17. c4 Nb6 18. Rb1 Bxf3 19. Bxf3 Nxc4 20. Be1 Nxa3
21. Rb3 Nb5 22. Bg4 f5 23. Bf3 Nxd4 24. Ra3 Nxf3+ 25. Rxf3 Re6 26. Bb4 Rae8 27. Qb1 Qc6 28. Rc3 Bxc3 29. Ba3 Re1 30. Qb3+ Kg7
31. Bb2 Rxf1+
0-1

[Event "SPECIFY 9"]
[Site "SchemingMind.com"]
[Date "2014.08.04"]
[Round "-"]
[White "Steven DuCharme"]
[Black "jpetric"]
[Result "1-0"]
[WhiteCountry "USA"]
[BlackCountry "USA"]
[WhiteElo "1636"]
[WhiteRD "62"]
[BlackElo "1595"]
[BlackRD "75"]
[GameID "362560"]

1. Nf3 d5 2. b3 Nf6 3. Bb2 Nc6 4. g3 Bf5 5. Bg2 Qd7 6. O-O e6 7. d3 Bc5 8. Nbd2 O-O 9. h3 Qd6 10. e4 dxe4
11. dxe4 Nxe4 12. Nxe4 Bxe4 13. Qxd6 cxd6 14. c3 a5 15. Rfe1 f5 16. Nd2 Ne5 17. Bxe4 fxe4 18. Nxe4 Nf3+ 19. Kf1 Rad8 20. Nxc5 dxc5
21. Rxe6 Rd2 22. Re2 Rd7 23. Ba3 b6 24. b4 axb4 25. cxb4 Nd2+ 26. Kg2 c4 27. b5 Ra8 28. Bb4 Nb3 29. Rae1 Raa7 30. Re8+ Kf7
31. Rf8+ Kg6 32. Re6+ Kh5 33. Rf5+ g5 34. g4+ Kh4 35. Rh6#
1-0

[Event "SPECIFY 9"]
[Site "SchemingMind.com"]
[Date "2014.08.04"]
[Round "-"]
[White "jpetric"]
[Black "Steven DuCharme"]
[Result "0-1"]
[WhiteCountry "USA"]
[BlackCountry "USA"]
[WhiteElo "1595"]
[WhiteRD "75"]
[BlackElo "1636"]
[BlackRD "62"]
[GameID "362561"]

1. e4 c6 2. d4 d5 3. Nc3 dxe4 4. Nxe4 Bf5 5. Bd3 Bg6 6. Nf3 Nf6 7. Nc5 Qc7 8. g3 e6 9. Bxg6 hxg6 10. Bf4 Bd6
11. Be5 b6 12. Ne4 Bxe5 13. dxe5 Nxe4 14. Qd4 Nc5 15. b4 Nca6 16. Rd1 Nd7 17. O-O O-O-O 18. a4 c5 19. Qd6 Qxd6 20. Rxd6 cxb4
21. Nd4 Nxe5 22. Nb5 Rxd6 23. Nxd6+ Kd7 24. Rd1 Ke7 25. Nb5 Nf3+ 26. Kh1 Rxh2#
0-1

[Event "SPECIFY 9"]
[Site "SchemingMind.com"]
[Date "2014.08.04"]
[Round "-"]
[White "jpetric"]
[Black "Scooter"]
[Result "0-1"]
[WhiteCountry "USA"]
[BlackCountry "USA"]
[WhiteElo "1595"]
[WhiteRD "75"]
[BlackElo "1759"]
[BlackRD "45"]
[GameID "362564"]

1. e4 c6 2. d4 d5 3. Nc3 dxe4 4. Nxe4 Bf5 5. Qf3 Bxe4 6. Qxe4 Nf6 7. Qh4 e6 8. Bc4 Be7 9. Bg5 h6 10. Bxf6 Bxf6
11. Qe4 Qxd4 12. Qxd4 Bxd4 13. c3 Bb6 14. f3 O-O 15. O-O-O Rd8 16. Ne2 Be3+ 17. Kc2 Nd7 18. Rd3 Bg5 19. h4 Be7 20. g4 Ne5
21. Rxd8+ Rxd8 22. Bb3 Nxf3 23. h5 Rd2+ 24. Kc1 Rxe2 25. Rd1 Bg5+ 26. Kb1 Nd2+ 27. Ka1 Nxb3+ 28. axb3 Rd2 29. Re1 Rc2 30. Re4 Rd2
31. Ra4 Be3 32. b4 Rg2 33. b5 cxb5 34. Re4 Bc1 35. Rb4 a6 36. Ka2 g6 37. hxg6 fxg6 38. Re4 Rxb2+ 39. Ka1 Kf7 40. Re1 Bd2
41. Re2 Bxc3 42. Rxb2 h5 43. Kb1 Bxb2
0-1

[Event "SPECIFY 9"]
[Site "SchemingMind.com"]
[Date "2014.08.04"]
[Round "-"]
[White "Scooter"]
[Black "jpetric"]
[Result "1/2-1/2"]
[WhiteCountry "USA"]
[BlackCountry "USA"]
[WhiteElo "1759"]
[WhiteRD "45"]
[BlackElo "1595"]
[BlackRD "75"]
[GameID "362565"]

1. d4 d5 2. Nf3 Nc6 3. Bf4 Bf5 4. e3 Nb4 5. Bd3 Nxd3+ 6. cxd3 e6 7. O-O Nf6 8. h3 Bd6 9. Bxd6 cxd6 10. Nh4 Qb6
11. Nxf5 exf5 12. b3 O-O-O 13. Nd2 Kb8 14. Rc1 Rc8 15. Qf3 g6 16. Qe2 Rc6 17. Rxc6 Qxc6 18. b4 Rc8 19. Nb3 Qc2 20. Qxc2 Rxc2
21. a3 Rc3 22. Nc1 Rxa3 23. Rd1 Ra1 24. Kf1 b6 25. Ke2 h5 26. f4 a5 27. bxa5 bxa5 28. Nb3 Ra2+ 29. Rd2 Ra3 30. Rb2 Kc7
31. Rc2+ Kb7 32. Rb2 Ka6 33. Kd2 Nd7 34. Kc2 Nb6 35. Nc1 Ka7 36. Ra2 Rxa2+ 37. Nxa2 Ka6 38. Nc3 a4 39. Kb2 Ka5 40. Ka3 f6
41. h4 Ka6 42. Nxa4 Nxa4 43. Kxa4 Kb6 44. Kb4 Ka6=
1/2-1/2

[Event "SPECIFY 9"]
[Site "SchemingMind.com"]
[Date "2014.08.04"]
[Round "-"]
[White "jpetric"]
[Black "Chessibelle"]
[Result "1-0"]
[WhiteCountry "USA"]
[BlackCountry "ENG"]
[WhiteElo "1595"]
[WhiteRD "75"]
[BlackElo "1244"]
[BlackRD "60"]
[GameID "362566"]

1. e4 e5 2. Nf3 Nc6 3. d4 f6 4. Be3 Bb4+ 5. c3 Ba5 6. Nbd2 Nge7 7. Bc4 h6 8. Nh4 g5 9. Nf5 d6 10. Qh5+ Kd7
11. Qf7 Rf8 12. Qe6+ Ke8 13. Ng7#
1-0

[Event "SPECIFY 9"]
[Site "SchemingMind.com"]
[Date "2014.08.04"]
[Round "-"]
[White "Chessibelle"]
[Black "jpetric"]
[Result "0-1"]
[WhiteCountry "ENG"]
[BlackCountry "USA"]
[WhiteElo "1244"]
[WhiteRD "60"]
[BlackElo "1595"]
[BlackRD "75"]
[GameID "362567"]

1. Nf3 d5 2. d4 Nf6 3. Nc3 Bf5 4. e3 Nc6 5. Bb5 a6 6. Ba4 b5 7. Bb3 Na5 8. Bd2 e6 9. Ne2 Nxb3 10. cxb3 c5
11. O-O Bd6 12. g3 Bh3 13. Re1 Ng4 14. e4 Qf6 15. Nf4 Bxf4 16. gxf4 dxe4 17. Ne5 Nxe5 18. dxe5 Qg6+
0-1

[Event "SPECIFY 9"]
[Site "SchemingMind.com"]
[Date "2014.08.04"]
[Round "-"]
[White "Steven DuCharme"]
[Black "Sahajaxx"]
[Result "0-1"]
[WhiteCountry "USA"]
[BlackCountry "ENG"]
[WhiteElo "1636"]
[WhiteRD "62"]
[BlackElo "2204"]
[BlackRD "75"]
[GameID "362574"]

1. Nf3 Nf6 2. d3 d5 3. g3 c6 4. Bg2 Qc7 5. d4 Nbd7 6. O-O e5 7. dxe5 Nxe5 8. Bf4 Nxf3+ 9. exf3 Bd6 10. Re1+ Be6
11. Bxd6 Qxd6 12. c4 O-O 13. cxd5 Rad8 14. Nc3 Nxd5 15. Nxd5 Qxd5 16. b3 Qa5 17. Qc2 Rd2 18. Qb1 Bf5 19. Qc1 Rxa2 20. Rxa2 Qxa2
21. Qa1 Qxa1 22. Rxa1 a6 23. Bf1 Be6 24. Rb1 Rd8 25. Kg2 Rd2 26. b4 Bd5 27. h3 Kf8
0-1

[Event "SPECIFY 9"]
[Site "SchemingMind.com"]
[Date "2014.08.04"]
[Round "-"]
[White "Sahajaxx"]
[Black "Steven DuCharme"]
[Result "1-0"]
[WhiteCountry "ENG"]
[BlackCountry "USA"]
[WhiteElo "2204"]
[WhiteRD "75"]
[BlackElo "1636"]
[BlackRD "62"]
[GameID "362575"]

1. d4 d5 2. c4 e6 3. Nf3 Nf6 4. Nc3 Be7 5. cxd5 Nxd5 6. e4 Nxc3 7. bxc3 O-O 8. Be2 b6 9. O-O Bb7 10. Qc2 Nd7
11. Bd3 c5 12. e5 h6 13. Be4 Bxe4 14. Qxe4 cxd4 15. cxd4 Rb8 16. Be3 Qc7 17. Rfc1 Qb7 18. Qxb7 Rxb7 19. Rc2 a6 20. Rd1 Rfb8
21. g3 b5 22. d5 exd5 23. Rxd5 a5 24. Nd4 b4 25. Nc6 Re8 26. Nxa5
1-0

[Event "SPECIFY 9"]
[Site "SchemingMind.com"]
[Date "2014.08.05"]
[Round "-"]
[White "jpetric"]
[Black "Sahajaxx"]
[Result "0-1"]
[WhiteCountry "USA"]
[BlackCountry "ENG"]
[WhiteElo "1595"]
[WhiteRD "75"]
[BlackElo "2204"]
[BlackRD "75"]
[GameID "362578"]

1. e4 c5 2. Nc3 Nc6 3. Bc4 e6 4. d3 Nf6 5. Bg5 Be7 6. Nf3 O-O 7. d4 d5 8. exd5 Nxd5 9. Bxe7 Qxe7 10. a3 Nb6
11. Bb5 Nxd4 12. Nxd4 Rd8 13. Nce2 cxd4 14. Nxd4 e5 15. O-O Rxd4 16. Qe2 Bg4 17. f3 Qc5 18. Kh1 Bf5 19. c3 Rd6 20. Rac1 a6
21. b4 Qxb5 22. Qe3 Nc4 23. Qg5 f6 24. Qh4 Qd5 25. Qf2 Qd2 26. Qc5 Ne3 27. Rg1 Rc8 28. Qa7 Nd1 29. Qxb7 Nf2#
0-1

[Event "SPECIFY 9"]
[Site "SchemingMind.com"]
[Date "2014.08.04"]
[Round "-"]
[White "Sahajaxx"]
[Black "jpetric"]
[Result "1-0"]
[WhiteCountry "ENG"]
[BlackCountry "USA"]
[WhiteElo "2204"]
[WhiteRD "75"]
[BlackElo "1595"]
[BlackRD "75"]
[GameID "362579"]

1. d4 d5 2. Bf4 Nc6 3. e3 Bf5 4. c4 e6 5. Nc3 Bb4 6. cxd5 exd5 7. Nf3 Nf6 8. Bd3 Ne4 9. Qc2 Bxc3+ 10. bxc3 Qe7
11. O-O O-O 12. Rab1 b6 13. c4 Qd7 14. cxd5 Qxd5 15. Rb5 Qe6 16. d5 Qg6 17. dxc6 Bh3 18. Rg5 Qe6 19. Bxe4 f6 20. Bd5 fxg5
21. Bxe6+ Bxe6 22. Nxg5 Bf5 23. Qc4+ Kh8 24. Nf7+ Kg8 25. Nh6+ Kh8 26. Qg8+ Rxg8 27. Nf7#
1-0

[Event "SPECIFY 9"]
[Site "SchemingMind.com"]
[Date "2014.08.04"]
[Round "-"]
[White "Scooter"]
[Black "Sahajaxx"]
[Result "1/2-1/2"]
[WhiteCountry "USA"]
[BlackCountry "ENG"]
[WhiteElo "1759"]
[WhiteRD "45"]
[BlackElo "2204"]
[BlackRD "75"]
[GameID "362580"]

1. d4 Nf6 2. Nf3 g6 3. Bf4 Bg7 4. e3 O-O 5. Be2 d6 6. O-O c6 7. h3 Nbd7 8. Nbd2 Re8 9. Rb1 e5 10. dxe5 dxe5
11. Bg5 h6 12. Bxf6 Nxf6 13. c3 Bf5 14. Rc1 Qc7 15. Qb3 Be6 16. Bc4 Bxc4 17. Qxc4 Rad8 18. Ne4 Nxe4 19. Qxe4 f5 20. Qc2 Kh8
21. Rfd1 Rxd1+ 22. Rxd1 Rd8 23. Rxd8+ Qxd8 24. Qd2 Qd5 25. Qxd5 cxd5=
1/2-1/2

[Event "SPECIFY 9"]
[Site "SchemingMind.com"]
[Date "2014.08.04"]
[Round "-"]
[White "Sahajaxx"]
[Black "Scooter"]
[Result "1-0"]
[WhiteCountry "ENG"]
[BlackCountry "USA"]
[WhiteElo "2204"]
[WhiteRD "75"]
[BlackElo "1759"]
[BlackRD "45"]
[GameID "362581"]

1. d4 Nf6 2. Nf3 g6 3. Nc3 Bg7 4. e4 d6 5. Be2 O-O 6. O-O Bg4 7. h3 Bxf3 8. Bxf3 Nbd7 9. Be3 e5 10. d5 Nc5
11. Bxc5 dxc5 12. a4 a6 13. Qd2 c6 14. Rfd1 cxd5 15. Nxd5 Nxd5 16. Qxd5 Qxd5 17. Rxd5 Rac8 18. Rd7 b6 19. Rad1 Bf6 20. R7d6 Bd8
21. Be2 Bc7 22. Rd7 b5 23. axb5 a5 24. R1d5
1-0

[Event "SPECIFY 9"]
[Site "SchemingMind.com"]
[Date "2014.08.04"]
[Round "-"]
[White "Chessibelle"]
[Black "Sahajaxx"]
[Result "0-1"]
[WhiteCountry "ENG"]
[BlackCountry "ENG"]
[WhiteElo "1244"]
[WhiteRD "60"]
[BlackElo "2204"]
[BlackRD "75"]
[GameID "362582"]

1. Nf3 Nf6 2. d4 d5 3. e3 e6 4. Nc3 Bb4 5. Bd2 O-O 6. Bd3 c6 7. a3 Ba5 8. b4 Bb6 9. O-O Nbd7 10. e4 dxe4
11. Nxe4 Nxe4 12. Bxe4 Nf6 13. Bg5 h6 14. Bd2 Nxe4 15. Be3 Nc3 16. Qd3 Nd5 17. Bd2 Qf6 18. Qe4 Qf5 19. Qd3 Qxd3 20. cxd3 f6
21. a4 Bd7 22. a5 Bc7 23. g3 Bd6 24. a6 bxa6 25. Rxa6 Bxb4 26. Bc1 Rfb8 27. Ra1 Bc3 28. Ra3 a5 29. Nd2 Bb4 30. Ra2 Nc3
31. Ra1 Ne2+ 32. Kg2 Nxc1 33. Nc4 Nb3 34. Rad1 Nxd4 35. Ne3 a4 36. Rc1 a3 37. Ra1 a2 38. Rfc1 Nb3
0-1

[Event "SPECIFY 9"]
[Site "SchemingMind.com"]
[Date "2014.08.04"]
[Round "-"]
[White "Sahajaxx"]
[Black "Chessibelle"]
[Result "1-0"]
[WhiteCountry "ENG"]
[BlackCountry "ENG"]
[WhiteElo "2204"]
[WhiteRD "75"]
[BlackElo "1244"]
[BlackRD "60"]
[GameID "362583"]

1. d4 d5 2. Bf4 Nc6 3. e3 Nf6 4. c4 Be6 5. cxd5 Nxd5 6. Bg3 Qc8 7. Bb5 Bd7 8. Nc3 e6 9. Nge2 Be7 10. O-O O-O
11. Rc1 Bf6 12. Nxd5 exd5 13. Nc3 Be6 14. Bxc6 bxc6 15. Na4 Bg4 16. Qc2 Bd7 17. Nc5 Be8 18. Rfe1 g6 19. Qc3 Bg5 20. Bf4 Bh4
21. Bh6 Qf5 22. Qc2 Qf6 23. Bxf8 Kxf8 24. g3 Bg5 25. Qb3 Rd8 26. Qb7 Qd6 27. Qxa7 Kg7 28. Nb7 Qd7 29. Nxd8 Qxd8 30. Rc5 Kh6
31. Ra5 Qd7 32. Qb8 Kh5 33. Ra8 Be7 34. Qxe8 Qe6 35. Ra6 Qd6 36. Rxc6
1-0